000 00457nam a2200169 a 4500
001 0000-8573
003 ELIB.Books
008 110520 1982
035 _a(ELIB.Books)0000-8719
082 _a222.1
_bBru
100 _aBrueggemann, Walter
245 _aThe Vitality of Old Testament Traditions
260 _bAtlanta: John Knox Press
_c1982
650 _aOld Testament - Pentateuch
942 _2ddc
_cBK
998 _cbat
_e2011-05-20
999 _c8573
_d8573